000 00808nam a22002412 4500
001 28241
003 BD-RjUL
005 20211209051245.0
008 140329s1881 nyuabc 001 0beng d
035 _a(OCoLC)1990852
035 _a(BD-RjUL)28322
040 _aEXO
_cEXO
_dEQO
_dBD-RjUL
_beng
041 _aeng
082 0 4 _a973.7
_bBAM V-3 1881
100 1 _aBadeau, Adam,
_d1831-1895.
_986485
245 1 0 _aMilitary history of Ulysses S. Grant :
_bfrom April, 1861, to April, 1865 /
_cBy Adam Badeau.
_nVolume III
260 _aNew York :
_bD. Appleton,
_c1881.
300 _aix, 733 p. :
_bill. ;
_c24 cm.
504 _aIncludes index.
600 1 0 _aGrant, Ulysses S.
_q(Ulysses Simpson),
_d1822-1885.
_986493
651 0 _aUnited States
_xHistory
_yCivil War, 1861-1865
_xCampaigns.
_925493
942 _2ddc
_cBK
999 _c28241
_d28241